Science Tales: (Record no. 195011)

MARC details
000 -LEADER
fixed length control field 00552nam a22001817a 4500
005 - DATE AND TIME OF LATEST TRANSACTION
control field 20230208112327.0
010 ## - LCCN (DPL NO)
LC control number ENG-136157
020 ## - INTERNATIONAL STANDARD BOOK NUMBER
International Standard Book Number 9789386050106
Terms of availability 499.00
035 ## - SYSTEM CONTROL NUMBER
System control number EN-119689
037 ## - SOURCE OF ACQUISITION
Source of stock number/acquisition DBAD/PUB
082 ## - DEWEY DECIMAL CLASSIFICATION NUMBER
Classification number 500
100 ## - MAIN ENTRY--PERSONAL NAME
Personal name Cunningham, Darryl
245 ## - TITLE STATEMENT
Title Science Tales:
Remainder of title Lies, Hoaxes and Scams/
Statement of responsibility, etc Darryl Cunningham
260 ## - PUBLICATION, DISTRIBUTION, ETC. (IMPRINT)
Place of publication, distribution, etc New Delhi
Name of publisher, distributor, etc Speaking Tiger Publishing Pvt Ltd
Date of publication, distribution, etc 2013
270 ## - ADDRESS
Address 4381/4 Ansari Road, Daryaganj
City New Delhi
Postal code 110002
300 ## - PHYSICAL DESCRIPTION
Extent 201p.
Dimensions 22cm(pbk)
942 ## - ADDED ENTRY ELEMENTS (KOHA)
Source of classification or shelving scheme Dewey Decimal Classification
Item type English Books
Call number suffix CUN
Classification part 500
Holdings
Withdrawn status Lost status Not for loan Collection code Home library Current library Date acquired Source of acquisition Cost, normal purchase price Full call number Barcode Copy number Cost, replacement price Koha item type
      Non-fiction R.K.Puram-8 R.K.Puram-8 08/02/2023 DBAD/PUB 499.00 500 CUN EN-119689 1 499.00 English Books

© Delhi Public Library
Hit Counter
free hit counter